00789cam a22002652 4500001001100000005001700011008004100028020001500069040001500084100003100099245008900130250001300219260002900232300001800261650003100279650003400310650002700344650002500371650004500396650004900441700002400490852000300514852000300517852000300520000001893720151217155223.0100817s xx 000 0 eng d a8123916569 aKABUcKABU1 aKhurana, Indu.@000017842310aTextbook of anatomy and physiology for health professionals /cIndu Khurana, Arushi. a1st ed. aNew Delhi :bCBS,c2009. aviii, 512 p. 0aHuman anatomy.@0000155598 0aHuman physiology.@0000155597 0aPathology.@0000178277 0aNursing.@0000155852 0aAnatomyxNurses instruction.@0000178311 0aPhysiology.xNurses instruction.@00001783121 aArushi.@00001784241 1 1